| 000 | 00977nam a2200349Ia 4500 | ||
|---|---|---|---|
| 003 | OSt | ||
| 005 | 20240325151825.0 | ||
| 008 | 210210b2015 xxu||||| |||| 00| 0 eng d | ||
| 020 | _a9789339217938 | ||
| 040 | _cAL | ||
| 041 | _aeng | ||
| 082 | _a351.3 SHAM | ||
| 100 |
_aSHARMA (Arun) _9156395 |
||
| 245 | _aMcgraw hill general studies 2015 paper II: for civil services preliminary examination | ||
| 260 |
_aNew Delhi _bMcGraw Hill Education (India) Private Limited _c2015 |
||
| 300 | _axxvi, 712 | ||
| 650 |
_astudies _9156396 |
||
| 650 |
_aservices _9156397 |
||
| 650 |
_apreliminary _9156398 |
||
| 650 |
_apaper _9156399 |
||
| 650 |
_aMcgraw _9156400 |
||
| 650 |
_aII:for _9156401 |
||
| 650 |
_ahill _9156402 |
||
| 650 |
_ageneral _9156403 |
||
| 650 |
_aexamination _9156404 |
||
| 650 |
_acivil _9156405 |
||
| 650 |
_a2015 _9156406 |
||
| 690 |
_aCivil Service _9156407 |
||
| 700 |
_aBHAGAT (Madhukar Kumar) _9156408 |
||
| 906 | _a069090 | ||
| 942 |
_2ddc _cBK |
||
| 999 |
_c153202 _d153202 |
||